000 01113cam a2200217 4500
001 WB3901-13
008 021216n2002 000 0 eng u
035 _a(Sirsi) u120784
245 _aBrownfield sites mapped by GIS
260 _c2002
490 _aRICS Geomatics Faculty News
_v 16 December 2002 (1)
520 _aA new study commissioned by English Partnerships identifies England's long term brownfield sites. The study found that 2 200 sites of previously developed brownfield landd in England have remained derelict or vacant for nearly 10 years and are classed as 'hardcore' brownfield sites. The EP study used GIS data collected by 98% of all local authorities and fed into the National Land Use Database (NLUD). For the RICS Geomatics faculty news http://www.rics.org/ricscms/bin/show?class=News&template=/includes/shownews.html&id=4443&faculty=Geomatics&faculty=All Faculties
590 _aWb
650 _aGIS
650 _aENGLISH PARTNERSHIPS
650 _aBROWNFIELD LAND
650 _aNATIONAL LAND USE DATABASE
650 _aREGENERATION
690 _aGeomatics
_96242
942 _n0
999 _c71772
_d71772